| 000 | 00821nam a2200205 i 4500 | ||
|---|---|---|---|
| 001 | 189076 | ||
| 003 | ES-MaACL | ||
| 005 | 20240318120256.0 | ||
| 008 | 190327s1933 fr f |||| |dfre d | ||
| 100 | 0 |
_aAubry, Octave. _d1881-1946 _923828 |
|
| 245 | 1 | 3 |
_aLa trahison de Marie-Louise / _cOctave Aubry ; avec quatre planches hors-texte tirées en héliogravure. |
| 260 |
_a[Paris] : _bFlammarion, _c[1933] |
||
| 300 |
_a125 p., [4] h. de lám. ; _c18 cm. |
||
| 490 | 1 | _aHier et aujourd'hui | |
| 600 | 0 | 4 |
_aMaría Luisa _cEmperatriz consorte de Napoleón I, Emperador de Francia. _9166713 |
| 600 | 0 | 4 |
_aNapoleón _bI _c, Emperador de Francia. _984910 |
| 830 | 0 |
_aHier et aujourd'hui _9193252 |
|
| 852 |
_aES-MaACL _jL-32248 _z. - Donat. herederos de la bibl. de Mª del Pilar Costa Palacín |
||
| 999 |
_c189076 _d189076 |
||